|
|
|
|
| LEADER |
01728cas a2200241 a 4500 |
| 001 |
AALejournalIMF009121 |
| 008 |
230101c9999 xx r poo 0 0eng d |
| 020 |
|
|
|c 5.00 USD
|
| 020 |
|
|
|z 9781451839661
|
| 022 |
|
|
|a 1934-7685
|
| 040 |
|
|
|a BD-DhAAL
|c BD-DhAAL
|
| 110 |
2 |
|
|a International Monetary Fund.
|
| 245 |
1 |
0 |
|a United States :
|b 2006 Article IV Consultation; Staff Report; Staff Statement; and Public Information Notice on the Executive Board Discussion.
|
| 264 |
|
1 |
|a Washington, D.C. :
|b International Monetary Fund,
|c 2006.
|
| 300 |
|
|
|a 1 online resource (69 pages)
|
| 490 |
1 |
|
|a IMF Staff Country Reports
|
| 500 |
|
|
|a <strong>Off-Campus Access:</strong> No User ID or Password Required
|
| 500 |
|
|
|a <strong>On-Campus Access:</strong> No User ID or Password Required
|
| 506 |
|
|
|a Electronic access restricted to authorized BRAC University faculty, staff and students
|
| 520 |
3 |
|
|a The U.S. economy continued to grow strongly over the year even in the face of a withdrawal of monetary stimulus and high oil prices. Executive Directors commended the Federal Reserve for its monetary tightening. They recognized that the financial sector has proven innovative and resilient. They cautioned that demographic and other pressures will continue to threaten long-term fiscal sustainability and economic prospects. They agreed that the country has a key role in catalyzing vigorous implementation of the cooperative strategy laid out by the International Monetary and Financial Committee.
|
| 538 |
|
|
|a Mode of access: Internet
|
| 830 |
|
0 |
|a IMF Staff Country Reports; Country Report ;
|v No. 2006/279
|
| 856 |
4 |
0 |
|z Full text available on IMF
|u http://elibrary.imf.org/view/journals/002/2006/279/002.2006.issue-279-en.xml
|z IMF e-Library
|